| 000 | 00753nam a22001697a 4500 | ||
|---|---|---|---|
| 005 | 20120227140011.0 | ||
| 020 | _c00.00 | ||
| 035 | _aA-904963 | ||
| 037 |
_aDPL _bENG |
||
| 100 |
_aThomas, V K _943078 |
||
| 245 |
_aPublic libraries in India : _bDevelopment and finance / _cby V K Thomas |
||
| 260 |
_aNew Delhi _bVikas Publishing House Pvt Ltd _c1997 |
||
| 300 |
_axi, 260p. _c20 cms. |
||
| 942 |
_2ddc _cEN _h027.4 _mTHO |
||
| 999 |
_c63509 _d63509 |
||